Sāmānya bhāshāvijñāna / (Record no. 68986)

MARC details
000 -LEADER
fixed length control field 00720cam a22002531 4500
001 - CONTROL NUMBER
control field sa 66003601
003 - CONTROL NUMBER IDENTIFIER
control field DLC
005 - DATE AND TIME OF LATEST TRANSACTION
control field 20260227112237.0
008 - FIXED-LENGTH DATA ELEMENTS--GENERAL INFORMATION
fixed length control field 900105s1965 ii b b 000 0 hino
010 ## - LIBRARY OF CONGRESS CONTROL NUMBER
LC control number sa 66003601
035 ## - SYSTEM CONTROL NUMBER
System control number (OCoLC)20851020
040 ## - CATALOGING SOURCE
Original cataloging agency DLC
Transcribing agency WaU
Modifying agency WU
-- DLC
042 ## - AUTHENTICATION CODE
Authentication code premarc
050 00 - LIBRARY OF CONGRESS CALL NUMBER
Classification number P121
Item number .S25
100 1# - MAIN ENTRY--PERSONAL NAME
Personal name Saksena, Baburam.
245 10 - TITLE STATEMENT
Title Sāmānya bhāshāvijñāna /
Statement of responsibility, etc. lekhak Baburam Saksena.
250 ## - EDITION STATEMENT
Edition statement 7. saṃskaraṇa.
260 ## - PUBLICATION, DISTRIBUTION, ETC.
Place of publication, distribution, etc. Prayāg :
Name of publisher, distributor, etc. Hindī Sāhitya Sammelana,
Date of publication, distribution, etc. [1965]
300 ## - PHYSICAL DESCRIPTION
Extent 22, 409 p.
Other physical details col. fold. map.
Dimensions 23 cm.
500 ## - GENERAL NOTE
General note In Hindi.
504 ## - BIBLIOGRAPHY, ETC. NOTE
Bibliography, etc. note Bibliography: p. [376]-378.
650 #0 - SUBJECT ADDED ENTRY--TOPICAL TERM
Topical term or geographic name entry element Language and languages.
650 #0 - SUBJECT ADDED ENTRY--TOPICAL TERM
Topical term or geographic name entry element Hindi language.

No items available.

Powered by Koha